LEADER 01482nam a2200277 i 4500 001 000000185371 003 CaOOAMICUS 005 20100202000000.0 008 100202s2009 it u000 u ita u 013 $a163374 020 $a978-88-8241-315-6 040 $aSeMil$bita 245 10$aSapienti per sempre :$bla ricerca storica e la produzione storiografica di Cataldo Naro : atti del convegno tenutosi a Palermo il 6-7 novembre 2008 /$ca cura di Eugenio Guccione [e] Antonino Raspanti. 260 $aCaltanissetta ; Roma :$bSalvatore Sciascia,$c2009. 300 $a269 p. ;$c21 cm. 490 0 $aStoria e cultura di Sicilia ;$v27 650 4$aNaro, Cataldo - Ricerca storica.$0(OLS)http://semarc/subject/35003 700 1 $aGuccione, Eugenio,$d<1938- >.$0(OLS)http://semarc/name/9363 700 1 $aRaspanti, Antonino,$c.$0(OLS)http://semarc/name/56958 830 0$aStoria e cultura di Sicilia ;$v27.$0(OLS)http://semarc/title/11059 850 $aSeMil 852 $aSeMil$W1$xVenegono$y1$m2F V 12$j136062$B136062$CSeMilBibl$Z2$F147704 $81 961 $aOmaggio: Bressan don Luca 996 $6020$a978-88-8241-315-6$9(OLS)http://semarc/number/175497 996 $6245$aSapienti per sempre :$bla ricerca storica e la produzione storiografica di Cataldo Naro : atti del convegno tenutosi a Palermo il 6-7 novembre 2008$9(OLS)http://semarc/title/266363 996 $6260$aCaltanissetta ; Roma :$bSalvatore Sciascia$9(OLS)http://semarc/publisher/30104 LEADER 01003nam a2200193 i 4500 001 000000205450 003 CaOOAMICUS 005 20110822000000.0 008 110822s1787 it u000 u ita u 013 $a184187 026 $anit- c.un i-o, (1vi (3) 1787 (R) 040 $aSeMil$bita 245 10$aTomo 2. Dalla morte di Augusto fino alla caduta dell'Impero occidentale. 300 $aXXXII, 521, [3] p. 500 $aFregi, capilettera, testatine xilogr. - Segn. : a-d4 A-3S4 3T6. 773 0 $aTiraboschi, Girolamo <1731-1794>$tStoria della letteratura italiana del cavaliere abate Girolamo Tiraboschi ... Tomo 1. [-8. Parte 2.].$bSeconda edizione modenese riveduta corretta ed accresciuta dall'autore.$dIn Modena : Presso la Società tipografica, 1787-1794.$gTomo2$w()4166 850 $aSeMil 852 $aSeMil$W1$xVenegono$y1$m1G VII 2 FA$j155944$B155944$CSeMilBibl$Z2$F167286 $8I 996 $6245$aTomo 2. Dalla morte di Augusto fino alla caduta dell'Impero occidentale$9(OLS)http://semarc/title/297386